000 00621nam a2200253Ia 4500
003 OSt
005 20221005113622.0
006 a|||||r|||| 00| 0
007 ta
008 221004b |||||||| |||| 00| 0 mal d
020 _c1.00
024 _a55471
037 _cTextual
040 _aCRL
_cCRL
_bmal
041 _2mal
_amal
082 _aO32,2N201,1, K0
100 _aVarier P.A. Au.
_9622378
245 0 _aAalthara
260 _c1960
300 _a73p.
_ccm.
650 _aMALAYALAM DRAMA
_9207189
942 _hO32,2N201,1, K0
_cTEXL
_2cc
999 _c1028763
_d1028763